[Event "Prva liga Centralne Srbije 2010"]
[Site "Valjevo"]
[Date "2010.09.20"]
[Round "4.1"]
[White "Szabo, Gergely-Andras-Gyula"]
[Black "Simantsev, Mikhail"]
[Result "1-0"]
[WhiteElo "2552"]
[BlackElo "2541"]
[PlyCount "75"]
[EventDate "2010.09.18"]

1. d4 Nf6 2. c4 e6 3. Nf3 c5 4. d5 exd5 5. cxd5 d6 6. Nc3 g6 7. Bf4 a6 8. a4
Bg7 9. h3 O-O 10. e3 Qe7 11. Be2 Nbd7 12. O-O Ne8 13. Re1 h6 14. Qb3 g5 15. Bh2
f5 16. Nd2 Ne5 17. f4 Nf7 18. Bd3 Nc7 19. Qc2 Bxc3 20. bxc3 Nxd5 21. Bxf5 Nxe3
22. Bh7+ Kh8 23. Qd3 gxf4 24. Bxf4 Ne5 25. Bxe5+ dxe5 26. Be4 Nf5 27. Nc4 Be6
28. Nxe5 Qg7 29. Bxb7 Rad8 30. Qxa6 Rd6 31. Qe2 Rg8 32. Bf3 Nh4 33. Kh1 Qg3 34.
Rf1 Rg5 35. Rae1 h5 36. c4 Nf5 37. Bd5 Qh4 38. Rxf5 1-0

[Event "Prva liga Centralne Srbije 2010"]
[Site "Valjevo"]
[Date "2010.09.20"]
[Round "4.1"]
[White "Milenkovic, Mladen"]
[Black "Boskovic, Drasko"]
[Result "1-0"]
[WhiteElo "2406"]
[BlackElo "2417"]
[PlyCount "87"]
[EventDate "2010.09.18"]

1. e4 c5 2. Nf3 Nc6 3. d4 cxd4 4. Nxd4 g6 5. Nc3 Bg7 6. Be3 Nf6 7. Bc4 O-O 8.
Bb3 d6 9. f3 Bd7 10. Qd2 Nxd4 11. Bxd4 b5 12. a4 b4 13. Nd5 Nxd5 14. Bxg7 Kxg7
15. Qxd5 Qb6 16. O-O-O Be6 17. Qd4+ Qxd4 18. Rxd4 Bxb3 19. cxb3 a5 20. Kd2 f5
21. Re1 Ra7 22. e5 dxe5 23. Rxe5 Kf6 24. Rc5 Ra6 25. Rdd5 Rfa8 26. Kd3 h5 27.
g3 e6 28. Rd4 g5 29. Kc4 g4 30. f4 R6a7 31. Rd6 h4 32. gxh4 Rh8 33. Re5 Re7 34.
Kb5 Rxh4 35. Re2 Rh3 36. Kxa5 Rf3 37. Rd4 Rxb3 38. Kb6 Rh3 39. a5 Rh8 40. a6
Rb8+ 41. Ka5 b3 42. Rb4 Rxb4 43. Kxb4 Re8 44. Ka5 1-0

[Event "Prva liga Centralne Srbije 2010"]
[Site "Valjevo"]
[Date "2010.09.20"]
[Round "4.1"]
[White "Stankovic, Milos"]
[Black "Brankovic, Dejan"]
[Result "1/2-1/2"]
[WhiteElo "2315"]
[BlackElo "2343"]
[PlyCount "81"]
[EventDate "2010.09.18"]

1. e4 c5 2. Nf3 Nc6 3. d4 cxd4 4. Nxd4 Nf6 5. Nc3 e6 6. Ndb5 Bb4 7. a3 Bxc3+ 8.
Nxc3 d5 9. exd5 exd5 10. Bd3 d4 11. Ne4 Nxe4 12. Bxe4 Bf5 13. Qf3 Bxe4 14.
Qxe4+ Qe7 15. Qxe7+ Kxe7 16. Bf4 f6 17. O-O-O Rhd8 18. Rhe1+ Kf7 19. Re2 Re8
20. Red2 Re4 21. Bg3 Rae8 22. f3 Re2 23. Bf2 h5 24. Rxe2 Rxe2 25. Rd2 Rxd2 26.
Kxd2 Ke6 27. Kd3 Kd5 28. c4+ dxc3 29. Kxc3 b5 30. b3 a6 31. Bb6 f5 32. Be3 Ke5
33. a4 Kd5 34. Bf2 Ke5 35. Bc5 g5 36. Kd3 g4 37. fxg4 fxg4 38. axb5 axb5 39.
Bf8 Na5 40. Kc3 Nc6 41. Kd3 1/2-1/2

[Event "Prva liga Centralne Srbije 2010"]
[Site "Valjevo"]
[Date "2010.09.20"]
[Round "4.1"]
[White "Dezelin, Milan"]
[Black "Krstic, Petar"]
[Result "1/2-1/2"]
[WhiteElo "2273"]
[BlackElo "2347"]
[PlyCount "84"]
[EventDate "2010.09.18"]

1. d4 Nf6 2. Nf3 e6 3. e3 c5 4. Bd3 Nc6 5. O-O b6 6. b3 Bb7 7. Bb2 cxd4 8. exd4
Nb4 9. Be2 Be4 10. Na3 Rc8 11. Ne1 Be7 12. c4 O-O 13. Nb5 d5 14. Nxa7 Ra8 15.
a3 Rxa7 16. axb4 Rxa1 17. Qxa1 Bxb4 18. Nd3 Bd6 19. Ne5 dxc4 20. bxc4 Qe7 21.
Bc3 Rd8 22. Qb2 Qc7 23. h3 Nd7 24. Nxd7 Rxd7 25. Re1 Bf5 26. Bf1 h5 27. Qe2 Bg6
28. Ra1 Be7 29. Ra8+ Kh7 30. Qf3 Qb7 31. Qxb7 Rxb7 32. f3 Bh4 33. g4 Bg3 34.
gxh5 Bxh5 35. Kg2 Bh4 36. f4 Bg6 37. Kf3 Bf5 38. Ke3 Bg3 39. Kf3 Bh4 40. Ke3
Bg3 41. Kf3 Bh4 42. Ke3 Bg3 1/2-1/2

[Event "Prva liga Centralne Srbije 2010"]
[Site "Valjevo"]
[Date "2010.09.20"]
[Round "4.1"]
[White "Misailovic, Nebojsa"]
[Black "Milosevic, Aleksandar"]
[Result "1-0"]
[WhiteElo "2303"]
[BlackElo "2254"]
[PlyCount "107"]
[EventDate "2010.09.18"]

1. e4 e5 2. Nf3 Nc6 3. Bb5 a6 4. Ba4 Nf6 5. O-O Be7 6. Re1 b5 7. Bb3 d6 8. c3
O-O 9. h3 Be6 10. d4 Bxb3 11. Qxb3 exd4 12. cxd4 d5 13. e5 Ne4 14. Nc3 Nxc3 15.
Qxc3 Qd7 16. Bd2 b4 17. Qc2 Nd8 18. Bg5 Rc8 19. Bxe7 Qxe7 20. Qd3 c5 21. dxc5
Rxc5 22. Qxa6 Ne6 23. Qd3 d4 24. Qb3 Ra5 25. Rad1 Rd8 26. Re4 Rad5 27. Qc4 Qa7
28. Rd2 h6 29. Kh2 Qb6 30. Re1 Qb8 31. Kg1 Qb6 32. Red1 Kh8 33. Kh2 Kg8 34. Rd3
Qb8 35. Kg1 Rc5 36. Qb3 Nf4 37. R3d2 d3 38. Kh2 Qb7 39. a3 Qc8 40. Qxb4 Rc4 41.
Qb6 Qa8 42. Re1 Rb8 43. Qe3 Rb3 44. e6 Nxe6 45. Ne5 Qb8 46. Kh1 Rc2 47. Rxd3
Rcxb2 48. Nxf7 Rxd3 49. Qxd3 Nf4 50. Qc4 Rxf2 51. Nxh6+ Kh7 52. Ng4 Nxg2 53.
Qe4+ Kh8 54. Qe8+ 1-0

[Event "Prva liga Centralne Srbije 2010"]
[Site "Valjevo"]
[Date "2010.09.20"]
[Round "4.1"]
[White "Cvetanovic, Uros"]
[Black "Civric, Zdravko"]
[Result "0-1"]
[WhiteElo "2218"]
[BlackElo "2204"]
[PlyCount "90"]
[EventDate "2010.09.18"]

1. e4 c5 2. Nf3 Nc6 3. d4 cxd4 4. Nxd4 Qb6 5. Nb3 Nf6 6. Nc3 e6 7. Bd3 Be7 8.
Be3 Qc7 9. f4 d6 10. O-O a6 11. Qf3 Rb8 12. a4 b6 13. Rae1 Nb4 14. g4 O-O 15.
Qg3 Nxd3 16. cxd3 b5 17. axb5 axb5 18. Rc1 Qd7 19. f5 b4 20. Ne2 e5 21. Rf3 Ba6
22. Bf2 Nxe4 23. dxe4 Bxe2 24. Re3 Bb5 25. g5 f6 26. g6 h6 27. Rd1 Qc7 28. Ree1
Rfc8 29. Rd2 Qc4 30. Nc1 Bc6 31. Qh4 d5 32. b3 Qc3 33. Rd3 Qc2 34. exd5 Bb5 35.
Rf3 Rc3 36. Qg4 Rd8 37. Be3 Bc5 38. Bxc5 Rxf3 39. Qxf3 Qxc5+ 40. Kg2 Rxd5 41.
Qf2 Rd4 42. h3 Bc6+ 43. Kh2 Qd5 44. Re2 Qh1+ 45. Kg3 Qxc1 0-1

[Event "Prva liga Centralne Srbije 2010"]
[Site "Valjevo"]
[Date "2010.09.20"]
[Round "4.2"]
[White "Savicevic, Vlatko"]
[Black "Kojovic, Dragan"]
[Result "1/2-1/2"]
[WhiteElo "2353"]
[BlackElo "2388"]
[PlyCount "29"]
[EventDate "2010.09.18"]

1. e4 c5 2. Nc3 e6 3. f4 d5 4. Nf3 dxe4 5. Bb5+ Bd7 6. Bxd7+ Nxd7 7. Nxe4 Ngf6
8. d3 Qb6 9. Qe2 Be7 10. Ned2 O-O 11. Nc4 Qc7 12. O-O Nd5 13. Nce5 Bf6 14. Bd2
Rad8 15. a3 1/2-1/2

[Event "Prva liga Centralne Srbije 2010"]
[Site "Valjevo"]
[Date "2010.09.20"]
[Round "4.2"]
[White "Adzic, Momcilo"]
[Black "Vratonjic, Slobo"]
[Result "1-0"]
[WhiteElo "2269"]
[BlackElo "2404"]
[PlyCount "73"]
[EventDate "2010.09.18"]

1. e4 c5 2. Nc3 e6 3. g3 d5 4. Bg2 Nf6 5. d3 dxe4 6. Nxe4 Nxe4 7. Bxe4 Nd7 8.
Ne2 Nf6 9. Bg2 Bd6 10. O-O O-O 11. Nc3 h6 12. Be3 Bd7 13. d4 Qc7 14. dxc5 Bxc5
15. Bxc5 Qxc5 16. Ne4 Nxe4 17. Qxd7 Nf6 18. Qa4 b5 19. Qb3 Rac8 20. c3 a5 21.
a4 Rb8 22. axb5 Rxb5 23. Qc2 Rfb8 24. Ra2 Qb6 25. Rb1 Rd8 26. b4 axb4 27. Rab2
Rc8 28. Bf1 Rxc3 29. Qd2 Rbc5 30. Rxb4 Qc7 31. Rb8+ Kh7 32. R1b7 Qe5 33. Rxf7
Qf5 34. Rbb7 Qg6 35. Qd8 Nd5 36. Rf8 Qe4 37. Qe8 1-0

[Event "Prva liga Centralne Srbije 2010"]
[Site "Valjevo"]
[Date "2010.09.20"]
[Round "4.2"]
[White "Rabrenovic, Vladan"]
[Black "Rajevic, Gavrilo"]
[Result "1-0"]
[WhiteElo "2384"]
[BlackElo "2286"]
[PlyCount "63"]
[EventDate "2010.09.18"]

1. d4 Nf6 2. c4 g6 3. Nc3 Bg7 4. e4 d6 5. Bd3 O-O 6. Nge2 Nc6 7. h3 e5 8. d5
Nd4 9. Nxd4 exd4 10. Ne2 Re8 11. f3 c5 12. O-O Nd7 13. f4 b5 14. b3 bxc4 15.
bxc4 Rb8 16. Bd2 Qe7 17. Qc2 Nb6 18. Kh2 Qh4 19. Ng1 Rb7 20. g3 Qd8 21. g4 f5
22. gxf5 gxf5 23. exf5 Qf6 24. Rae1 Rf8 25. Re6 Bxe6 26. fxe6 h6 27. Ne2 Nc8
28. Ng3 Kh8 29. Bc1 Rg8 30. Qe2 Bf8 31. Nh5 Qh4 32. f5 1-0

[Event "Prva liga Centralne Srbije 2010"]
[Site "Valjevo"]
[Date "2010.09.20"]
[Round "4.2"]
[White "Rasic, Goran"]
[Black "Sredojevic, Ivan"]
[Result "0-1"]
[WhiteElo "2219"]
[BlackElo "2390"]
[PlyCount "72"]
[EventDate "2010.09.18"]

1. d4 Nf6 2. c4 e6 3. Nc3 d5 4. Nf3 Nbd7 5. e3 Be7 6. Bd3 O-O 7. O-O c5 8. b3
b6 9. cxd5 exd5 10. Bb2 Bb7 11. dxc5 Nxc5 12. Be2 Rc8 13. Nb5 a6 14. Nbd4 Nfe4
15. Rc1 Bf6 16. Rc2 Qd7 17. Qa1 Rc7 18. Rfc1 Rfc8 19. Ne1 Ne6 20. f3 Nd6 21.
Rxc7 Nxc7 22. Ndc2 Bxb2 23. Qxb2 Re8 24. Qd4 Qc6 25. Qd2 Qd7 26. Nd4 Ne6 27.
Rc3 Nc5 28. Nec2 g6 29. Nb4 a5 30. Nbc2 Qe7 31. Bf1 h5 32. Ne2 Nb5 33. Nf4 Nxc3
34. Qxc3 Qe5 35. Qxe5 Rxe5 36. Kf2 h4 0-1

[Event "Prva liga Centralne Srbije 2010"]
[Site "Valjevo"]
[Date "2010.09.20"]
[Round "4.3"]
[White "Dancevski, Orce"]
[Black "Milanovic, Slavisa"]
[Result "1/2-1/2"]
[WhiteElo "2402"]
[BlackElo "2389"]
[PlyCount "41"]
[EventDate "2010.09.18"]

1. c4 c5 2. Nf3 Nf6 3. Nc3 b6 4. e3 g6 5. d4 Bg7 6. d5 O-O 7. e4 d6 8. h3 e6 9.
Bd3 exd5 10. cxd5 b5 11. O-O c4 12. Bc2 b4 13. Nb5 Ba6 14. Nbd4 Nfd7 15. Re1
Ne5 16. Nxe5 dxe5 17. Nf3 Nd7 18. b3 Nc5 19. bxc4 Bxc4 20. Be3 Qd6 21. Nd2
1/2-1/2

[Event "Prva liga Centralne Srbije 2010"]
[Site "Valjevo"]
[Date "2010.09.20"]
[Round "4.3"]
[White "Sandic, Vladeta"]
[Black "Dudukovic, Nikola"]
[Result "1/2-1/2"]
[WhiteElo "2331"]
[BlackElo "2237"]
[PlyCount "103"]
[EventDate "2010.09.18"]

1. d4 Nf6 2. c4 c5 3. d5 e6 4. Nc3 exd5 5. cxd5 d6 6. e4 g6 7. h3 Bg7 8. Nf3
O-O 9. Bd3 Re8 10. O-O c4 11. Bc2 b5 12. a3 a6 13. Re1 Nbd7 14. Bf4 Qb6 15. Qd2
Bb7 16. Rad1 Rad8 17. Be3 Qc7 18. Nd4 Nc5 19. f3 Nfd7 20. f4 Nf6 21. Bf2 Rd7
22. Re2 Rde7 23. Rde1 Qb6 24. Nf3 Nfd7 25. Kh1 a5 26. Nd4 Nd3 27. Ndxb5 Nxf2+
28. Rxf2 Nf6 29. Rd1 Nh5 30. a4 Ba8 31. Kh2 Kh8 32. Rf3 g5 33. fxg5 Be5+ 34. g3
Rg8 35. Nd4 f6 36. Nf5 Rxg5 37. h4 Rg4 38. Kh3 Reg7 39. Nxg7 Rxg7 40. Ne2 Bb7
41. Rg1 Bc8+ 42. g4 Qxg1 43. Nxg1 Rxg4 44. Ne2 Rg3+ 45. Kh2 Rxf3+ 46. Kg2 Rh3
47. Qxa5 Bg4 48. Qd8+ Kg7 49. Qe7+ Kg8 50. Qe8+ Kg7 51. Qe7+ Kg8 52. Qe8+
1/2-1/2

[Event "Prva liga Centralne Srbije 2010"]
[Site "Valjevo"]
[Date "2010.09.20"]
[Round "4.3"]
[White "Djokic, Nebojsa"]
[Black "Ivanovic, Dragutin"]
[Result "0-1"]
[WhiteElo "2198"]
[BlackElo "2329"]
[PlyCount "96"]
[EventDate "2010.09.18"]

1. e4 c5 2. Nf3 e6 3. d4 cxd4 4. Nxd4 Nc6 5. Nc3 Qc7 6. Be3 a6 7. Qd2 Nf6 8.
O-O-O b5 9. Bf4 Qb6 10. Nxc6 Qxc6 11. e5 b4 12. exf6 bxc3 13. Qd4 cxb2+ 14. Kb1
gxf6 15. Qxf6 Rg8 16. Bg5 Bb7 17. Bd3 Qc5 18. Be3 Qa5 19. Qd4 Bd5 20. Bc4 Bc6
21. g3 Be7 22. Rhe1 Rc8 23. Bf4 Qa4 24. Qd3 Rg6 25. Re5 f5 26. Bb3 Qa3 27. Bd2
Be4 28. Qd4 d5 29. Rxe4 fxe4 30. Qh8+ Kd7 31. Qxh7 Rcg8 32. Bf4 a5 33. Qh3 Ke8
34. Qf1 Kf7 35. c4 a4 36. Bc2 Rc8 37. f3 Rxc4 38. fxe4 Kg8 39. Bd3 Rc1+ 40.
Bxc1 bxc1=Q+ 41. Rxc1 Qb4+ 42. Kc2 dxe4 43. Bc4 Rf6 44. Qe2 Rf3 45. Kd1 Bg5 46.
Bxe6+ Kg7 47. Rc7+ Kh6 48. Kc2 Qb6 0-1

[Event "Prva liga Centralne Srbije 2010"]
[Site "Valjevo"]
[Date "2010.09.20"]
[Round "4.3"]
[White "Sorgic, Dragan"]
[Black "Zivanovic, Nenad"]
[Result "1/2-1/2"]
[WhiteElo "2289"]
[BlackElo "2187"]
[PlyCount "99"]
[EventDate "2010.09.18"]

1. e4 e5 2. Nf3 Nc6 3. Bb5 a6 4. Ba4 Nf6 5. O-O Be7 6. Re1 b5 7. Bb3 d6 8. c3
O-O 9. d3 h6 10. Nbd2 Na5 11. Bc2 c5 12. Nf1 Qc7 13. Ne3 Re8 14. h3 Bf8 15. Nh2
Nc6 16. Qf3 Ne7 17. Nhg4 Nxg4 18. hxg4 Be6 19. Nf5 f6 20. g3 Rad8 21. Kg2 d5
22. Rh1 dxe4 23. dxe4 Nc6 24. Ne3 Qf7 25. a4 b4 26. Nd5 Na5 27. cxb4 cxb4 28.
Rd1 Bc5 29. Be3 Bxe3 30. Qxe3 Nc6 31. f3 Nd4 32. Bb3 a5 33. Rxd4 exd4 34. Qxd4
Kh8 35. Rd1 Ra8 36. Bc4 Qa7 37. Qxa7 Rxa7 38. b3 Rd8 39. Kf2 Rad7 40. Ke3 Rd6
41. Rh1 Bxd5 42. exd5 Rxd5 43. Bxd5 Rxd5 44. Rc1 Kh7 45. Rc7 Rd1 46. Rc5 Rb1
47. Rxa5 Rxb3+ 48. Ke2 Ra3 49. Ra7 b3 50. Rb7 1/2-1/2

[Event "Prva liga Centralne Srbije 2010"]
[Site "Valjevo"]
[Date "2010.09.20"]
[Round "4.3"]
[White "Ilic, Aleksandar"]
[Black "Nikolic, Dragovan"]
[Result "0-1"]
[WhiteElo "2144"]
[BlackElo "2296"]
[PlyCount "104"]
[EventDate "2010.09.18"]

1. e4 c5 2. Nf3 Nc6 3. d4 cxd4 4. Nxd4 g6 5. Nc3 Bg7 6. Be3 Nf6 7. f3 O-O 8.
Bc4 Qb6 9. Bb3 Nxe4 10. Nd5 Qa5+ 11. c3 Bxd4 12. Bxd4 Nc5 13. Bc4 Ne6 14. Bf2
Qd8 15. Qd2 Nc7 16. Qh6 Nxd5 17. Bxd5 d6 18. h4 e6 19. h5 g5 20. Bb3 f6 21. f4
gxf4 22. Rh4 Kh8 23. Rxf4 e5 24. Rh4 Qe7 25. O-O-O Be6 26. Bxe6 Qxe6 27. Rh3
Ne7 28. Rhd3 Nf5 29. Qd2 Qxa2 30. Qc2 Qe6 31. g4 Nh6 32. Rxd6 Qxg4 33. Rd7 Rf7
34. Rxf7 Nxf7 35. Qb3 Qf4+ 36. Kb1 Qf5+ 37. Ka1 Rd8 38. Rxd8+ Nxd8 39. Qb4 Kg7
40. Qe7+ Nf7 41. Be3 Qf1+ 42. Ka2 Qc4+ 43. Ka1 Qa6+ 44. Qa3 Qxa3+ 45. bxa3 a6
46. Kb2 Nd6 47. Kb3 b5 48. Kb4 Kf7 49. Kc5 Ke6 50. Bh6 Ne4+ 51. Kb6 Nxc3 52.
Kxa6 Kd5 0-1

[Event "Prva liga Centralne Srbije 2010"]
[Site "Valjevo"]
[Date "2010.09.20"]
[Round "4.3"]
[White "Vuckovic, Branko"]
[Black "Madjar, Stanislav"]
[Result "1/2-1/2"]
[WhiteElo "2243"]
[BlackElo "2145"]
[PlyCount "77"]
[EventDate "2010.09.18"]

1. e4 Nf6 2. e5 Nd5 3. c4 Nb6 4. d4 d6 5. exd6 exd6 6. Bd3 Be7 7. h3 Nc6 8. Nf3
Nb4 9. Be4 d5 10. cxd5 N4xd5 11. Nc3 c6 12. O-O O-O 13. Re1 Be6 14. Bc2 Re8 15.
Qd3 g6 16. Qd1 Nxc3 17. bxc3 Bf6 18. a4 Nc4 19. Rb1 b6 20. Nd2 Nxd2 21. Bxd2
Qd7 22. Qf3 Bg7 23. Bf4 Bd5 24. Qd3 Rxe1+ 25. Rxe1 Re8 26. Re3 b5 27. Qe2 Re6
28. Qe1 a6 29. Qa1 Qd8 30. axb5 axb5 31. Rxe6 fxe6 32. Qa3 Bf8 33. Qc1 c5 34.
dxc5 Bxc5 35. Bg5 Qc7 36. Qf4 Bd6 37. Qe3 Be5 38. Bd3 Qxc3 39. Bxb5 1/2-1/2

[Event "Prva liga Centralne Srbije 2010"]
[Site "Valjevo"]
[Date "2010.09.20"]
[Round "4.4"]
[White "Iotov, Valentin"]
[Black "Rusev, Krasimir"]
[Result "1/2-1/2"]
[WhiteElo "2588"]
[BlackElo "2524"]
[PlyCount "46"]
[EventDate "2010.09.18"]

1. d4 Nf6 2. c4 e6 3. Nf3 Bb4+ 4. Bd2 Qe7 5. g3 Nc6 6. Nc3 O-O 7. Bg2 Bxc3 8.
Bxc3 Ne4 9. Rc1 d6 10. O-O Nxc3 11. Rxc3 e5 12. d5 Nb8 13. c5 Na6 14. cxd6 cxd6
15. Nd2 Bg4 16. Nc4 Rac8 17. Qd2 Rc7 18. Rfc1 Rfc8 19. e4 Bd7 20. Ne3 Qd8 21.
Bf1 Rxc3 22. Rxc3 Rxc3 23. Qxc3 Nc5 1/2-1/2

[Event "Prva liga Centralne Srbije 2010"]
[Site "Valjevo"]
[Date "2010.09.20"]
[Round "4.4"]
[White "Radovanovic, Dusan"]
[Black "Nestorovic, Nikola"]
[Result "1/2-1/2"]
[WhiteElo "2387"]
[BlackElo "2420"]
[PlyCount "57"]
[EventDate "2010.09.18"]

1. d4 Nf6 2. Bg5 Ne4 3. Bf4 c5 4. f3 Qa5+ 5. c3 Nf6 6. d5 Qb6 7. e4 d6 8. Qd2
g6 9. Na3 Qd8 10. Nc4 Bg7 11. a4 O-O 12. Ne2 b6 13. Ng3 Na6 14. Be2 Nc7 15. O-O
Ba6 16. Bh6 Bxc4 17. Bxc4 a6 18. Bxg7 Kxg7 19. Bd3 e6 20. c4 exd5 21. exd5 Ng8
22. Qc3+ Qf6 23. Ne4 Qxc3 24. Nxc3 f5 25. Rfe1 Rfe8 26. Kf2 Nf6 27. b3 a5 28.
f4 Kf7 29. h3 1/2-1/2

[Event "Prva liga Centralne Srbije 2010"]
[Site "Valjevo"]
[Date "2010.09.20"]
[Round "4.4"]
[White "Todorovic, Jovan"]
[Black "Radivojevic, Ivan"]
[Result "1-0"]
[WhiteElo "2417"]
[BlackElo "2361"]
[PlyCount "81"]
[EventDate "2010.09.18"]

1. e4 c6 2. d4 d5 3. e5 Bf5 4. c4 e6 5. Nc3 Ne7 6. a3 Nd7 7. c5 b5 8. b4 a5 9.
Be3 Bg6 10. h4 f6 11. h5 Bf7 12. f4 g5 13. hxg6 Bxg6 14. Nf3 Bg7 15. Be2 Qb8
16. Bf2 Kd8 17. O-O f5 18. Bh4 a4 19. Rc1 Nf8 20. Kf2 Bh6 21. g3 Bh5 22. Ne1
Bxe2 23. Qxe2 Nfg6 24. Bf6 Rg8 25. Rh1 Bf8 26. Rxh7 Ra7 27. Nf3 Qc8 28. Rch1
Kc7 29. Rf7 Kb8 30. Rhh7 Qe8 31. Ng5 Nc8 32. Rxa7 Nxa7 33. Qh5 Nc8 34. Ne2 Be7
35. Bxe7 Ncxe7 36. Nxe6 Qc8 37. Ng5 Rh8 38. Rxh8 Nxh8 39. Ng1 Nhg6 40. Nf7 Qf8
41. Nd6 1-0

[Event "Prva liga Centralne Srbije 2010"]
[Site "Valjevo"]
[Date "2010.09.20"]
[Round "4.4"]
[White "Zivkovic, Ivan B"]
[Black "Stamenkovic, Dragan"]
[Result "1-0"]
[WhiteElo "2327"]
[BlackElo "2370"]
[PlyCount "93"]
[EventDate "2010.09.18"]

1. e4 c5 2. Nf3 d6 3. d4 cxd4 4. Nxd4 Nf6 5. Nc3 g6 6. Be3 Bg7 7. f3 a6 8. Qd2
Nbd7 9. g4 b5 10. g5 Nh5 11. O-O-O Bb7 12. Kb1 O-O 13. Nce2 d5 14. Ng3 e5 15.
Ndf5 Nxg3 16. Nxg3 d4 17. Bf2 f6 18. gxf6 Qxf6 19. Be2 Nc5 20. Rdf1 Rac8 21. h4
h5 22. Rhg1 Qf4 23. Qd1 Kh7 24. Be1 Bh6 25. Nh1 Rc6 26. Nf2 Bc8 27. Bb4 Qf6 28.
f4 exf4 29. Bxh5 gxh5 30. Qxh5 Qf7 31. Qf3 Rg8 32. e5 Rc7 33. Rxg8 Qxg8 34.
Bxc5 Rxc5 35. Ne4 Rc6 36. Nf6+ Rxf6 37. exf6 Qe6 38. Qd3+ Qf5 39. Qxd4 Kg6 40.
Qd8 Qd7 41. Rg1+ Kf7 42. Qg8+ Kxf6 43. Qg6+ Ke7 44. Re1+ Kd8 45. Qxh6 Qd4 46.
Qf8+ Kc7 47. Rf1 1-0

[Event "Prva liga Centralne Srbije 2010"]
[Site "Valjevo"]
[Date "2010.09.20"]
[Round "4.4"]
[White "Mihic, Bojan"]
[Black "Bojovic, Dusan"]
[Result "1/2-1/2"]
[WhiteElo "2413"]
[BlackElo "2342"]
[PlyCount "97"]
[EventDate "2010.09.18"]

1. d4 Nf6 2. c4 g6 3. g3 Bg7 4. Bg2 d6 5. Nf3 O-O 6. O-O c6 7. Nc3 Qa5 8. h3
Nbd7 9. e4 e5 10. Re1 Nb6 11. Bf1 exd4 12. Nxd4 Re8 13. Bf4 Qb4 14. Nb3 d5 15.
a3 Qe7 16. exd5 Qxe1 17. Qxe1 Rxe1 18. Rxe1 cxd5 19. cxd5 Bf5 20. g4 Nfxd5 21.
Nxd5 Nxd5 22. Bc1 Bd7 23. Bg2 Bc6 24. Na5 Kf8 25. b4 a6 26. Nxc6 bxc6 27. Kf1
Rd8 28. Bg5 f6 29. Bd2 Kf7 30. Rc1 Ne7 31. Be3 f5 32. a4 f4 33. Bb6 Rd6 34. Bc5
Rd2 35. Bf3 Bd4 36. Bxd4 Rxd4 37. Bxc6 Rxb4 38. a5 Rb3 39. Kg2 Ra3 40. Bb7 Rxa5
41. Rc7 Ke6 42. h4 Ra1 43. Rc5 a5 44. Rc4 Rb1 45. Bf3 Rb4 46. Rc7 Ra4 47. Ra7
Ra1 48. Ra6+ Kf7 49. Be4 1/2-1/2

[Event "Prva liga Centralne Srbije 2010"]
[Site "Valjevo"]
[Date "2010.09.20"]
[Round "4.4"]
[White "Toth, Aleksandar"]
[Black "Nestorovic, Lazar"]
[Result "1/2-1/2"]
[WhiteElo "2296"]
[BlackElo "2335"]
[PlyCount "77"]
[EventDate "2010.09.18"]

1. e4 c5 2. Nf3 e6 3. d3 Nc6 4. g3 d6 5. Bg2 Nf6 6. O-O Be7 7. c3 O-O 8. Re1
Bd7 9. a3 Rc8 10. Nbd2 Qc7 11. b4 b5 12. Bb2 Rfd8 13. d4 cxd4 14. cxd4 a5 15.
Qb3 d5 16. Rac1 Qb6 17. Rc5 axb4 18. axb4 dxe4 19. Nxe4 Nd5 20. Nc3 Ndxb4 21.
Rxb5 Qc7 22. Ra1 Be8 23. Ne4 h6 24. Rc1 Rb8 25. Rxb8 Rxb8 26. Qc4 Qd8 27. Ne5
Na5 28. Qe2 Nb3 29. Rd1 Nd5 30. Nc3 Na5 31. Nxd5 exd5 32. Bc3 Nc6 33. Re1 Bf6
34. Qa2 Rb5 35. Bf1 Rb8 36. Bg2 Rb5 37. Bf1 Rb8 38. Bg2 Rb5 39. Bf1 1/2-1/2

[Event "Prva liga Centralne Srbije 2010"]
[Site "Valjevo"]
[Date "2010.09.20"]
[Round "4.5"]
[White "Djukic, Zeljko"]
[Black "Bojkov, Dejan"]
[Result "0-1"]
[WhiteElo "2382"]
[BlackElo "2552"]
[PlyCount "42"]
[EventDate "2010.09.18"]

1. d4 Nf6 2. c4 g6 3. Nc3 Bg7 4. e4 d6 5. f3 O-O 6. Be3 c5 7. dxc5 dxc5 8. Qxd8
Rxd8 9. Bxc5 Nc6 10. Nge2 Nd7 11. Be3 Nde5 12. Nc1 Na5 13. Nd5 Nexc4 14. Bg5
Bxb2 15. Nxe7+ Kg7 16. Rb1 Bc3+ 17. Kf2 Na3 18. Rb3 Nxb3 19. Nxb3 Be6 20. Be2
Bf6 21. Bxf6+ Kxf6 0-1

[Event "Prva liga Centralne Srbije 2010"]
[Site "Valjevo"]
[Date "2010.09.20"]
[Round "4.5"]
[White "Mitrovic, Darko R"]
[Black "Djokic, Nenad"]
[Result "1-0"]
[WhiteElo "2342"]
[BlackElo "2374"]
[PlyCount "73"]
[EventDate "2010.09.18"]

1. e4 c5 2. Nf3 Nc6 3. d4 cxd4 4. Nxd4 Nf6 5. Nc3 e5 6. Ndb5 d6 7. Bg5 a6 8.
Na3 b5 9. Bxf6 gxf6 10. Nd5 f5 11. Bd3 Be6 12. c3 Bg7 13. Qf3 b4 14. Nc4 bxc3
15. bxc3 f4 16. O-O O-O 17. Ncb6 Ra7 18. Rab1 Kh8 19. h3 Rg8 20. Rfd1 Bf8 21.
Bc4 Qh4 22. Kf1 Na5 23. Be2 Nb7 24. Qh5 Qd8 25. Bg4 Rg5 26. Qh4 Nc5 27. f3 Be7
28. Nxe7 Qxe7 29. Bxe6 Nxe6 30. Nc8 Qc7 31. Nxa7 Qxa7 32. Rxd6 Rg6 33. Qf2 Qc7
34. Qd2 Nd4 35. Rxg6 Qc4+ 36. Kf2 hxg6 37. cxd4 1-0

[Event "Prva liga Centralne Srbije 2010"]
[Site "Valjevo"]
[Date "2010.09.20"]
[Round "4.5"]
[White "Stankovic, Dragan P"]
[Black "Djokic, Vladan"]
[Result "1/2-1/2"]
[WhiteElo "2287"]
[BlackElo "2279"]
[PlyCount "93"]
[EventDate "2010.09.18"]

1. g3 c5 2. Bg2 Nf6 3. Nf3 Nc6 4. d4 d5 5. O-O Bf5 6. c4 dxc4 7. Qa4 Qa5 8.
Qxc4 e6 9. Ne5 Rc8 10. Nxc6 bxc6 11. Nc3 Be7 12. dxc5 Qxc5 13. Qxc5 Bxc5 14.
Na4 Bb6 15. Bf4 O-O 16. Rac1 Be4 17. Rfd1 h6 18. Nc5 Bxg2 19. Kxg2 Rfd8 20.
Rxd8+ Rxd8 21. Nd3 Rc8 22. b4 a6 23. a4 Nd7 24. Bd6 f6 25. e4 e5 26. f4 exf4
27. gxf4 Kf7 28. f5 g6 29. fxg6+ Kxg6 30. Kf3 Kf7 31. Bf4 h5 32. Nb2 Ke6 33.
Nc4 Bc7 34. Bxc7 Rxc7 35. Rd1 Rb7 36. Rb1 Ne5+ 37. Nxe5 Kxe5 38. Ke3 h4 39. Kd3
Rg7 40. b5 cxb5 41. axb5 Rb7 42. b6 h3 43. Kc4 Kxe4 44. Kc5 f5 45. Kc6 Rb8 46.
Re1+ Kf3 47. Rf1+ 1/2-1/2

[Event "Prva liga Centralne Srbije 2010"]
[Site "Valjevo"]
[Date "2010.09.20"]
[Round "4.5"]
[White "Kostic, Nebojsa"]
[Black "Djoric, Dusan"]
[Result "1/2-1/2"]
[WhiteElo "2338"]
[BlackElo "2300"]
[PlyCount "110"]
[EventDate "2010.09.18"]

1. c4 Nf6 2. Nc3 g6 3. g3 Bg7 4. Bg2 O-O 5. d3 c5 6. Rb1 e6 7. Be3 Qe7 8. Qc1
d6 9. Bg5 e5 10. Nd5 Qd8 11. a3 Na6 12. Nf3 Nc7 13. Nxf6+ Bxf6 14. Bxf6 Qxf6
15. h4 h5 16. Ng5 Kg7 17. O-O Ne6 18. b4 Rb8 19. Nxe6+ Qxe6 20. bxc5 dxc5 21.
a4 b6 22. a5 Bb7 23. Bxb7 Rxb7 24. Qe3 Re8 25. Rfc1 Rd7 26. axb6 axb6 27. Kg2
e4 28. dxe4 Qxe4+ 29. Qxe4 Rxe4 30. Rc2 Rdd4 31. Rbc1 Re6 32. e3 Rd3 33. Rb1
Rf6 34. Re1 Rb3 35. Rd1 Rc6 36. Rd7 b5 37. cxb5 Rxb5 38. Rd5 Kf6 39. e4 Ke6 40.
f3 Ra5 41. Kf2 f5 42. Rc4 fxe4 43. fxe4 Ra3 44. Rdxc5 Rb6 45. Rc3 Rbb3 46. Rxb3
Rxb3 47. Ra5 Kf6 48. Rg5 Ra3 49. e5+ Kf7 50. g4 hxg4 51. Rxg4 Ke6 52. Kg2 Kxe5
53. Rxg6 Kf5 54. Rg5+ Kf6 55. Rg8 Rb3 1/2-1/2

[Event "Prva liga Centralne Srbije 2010"]
[Site "Valjevo"]
[Date "2010.09.20"]
[Round "4.5"]
[White "Obradovic, Blazimir"]
[Black "Stankovic, Dejan"]
[Result "1/2-1/2"]
[WhiteElo "2194"]
[BlackElo "2240"]
[PlyCount "30"]
[EventDate "2010.09.18"]

1. d4 d5 2. Nf3 Nf6 3. Bf4 c5 4. e3 Nc6 5. c3 Qb6 6. Qc1 cxd4 7. exd4 Bf5 8.
Be2 Rc8 9. O-O h6 10. Rd1 g5 11. Be3 Ng4 12. Nbd2 Nxe3 13. fxe3 Bg7 14. Nf1 Bf6
15. Ne1 Na5 1/2-1/2